LEADER 01230nam a2200289 a 4500 001 000000144085 003 CaOOAMICUS 005 20150615102918.0 008 150615s1973 it b u000 u ita r 040 $aPUL$bita 130 0 $aBiblia.$pN.T.$pLucas.$lItaliano.$0(OLS)http://pul/title/158588 245 10$aEvangelo secondo Luca /$ca cura di Giorgio Girardet, Franco Ronchi, Bruno Maggioni. 260 $aMilano :$bA. Mondadori,$c1973. 300 $a315 p. :$bc. geogr. ;$c19 cm 490 1 $aOscar 630 04$aBiblia.$pN.T.$pLucas$xCritica e interpretazione.$0(OLS)http://pul/subject/37900 700 1 $aGirardet, Giorgio.$0(OLS)http://pul/name/40374 700 1 $aRonchi, Franco.$0(OLS)http://pul/name/25184 700 1 $aMaggioni, Bruno,$csac.,$d1932-$0(OLS)http://pul/name/24846 830 0$aOscar Mondadori.$0(OLS)http://pul/title/18338 850 $aPUL 852 $aPUL$W1$xDP1 Fondo S. Lanza$y121$m3 C 5.2$j166170$qFondi$B166668$CPULBib$Z2$F166668 $HLan471 $82 941 1 $a1 961 $aNota ms. di possesso: Sergio Lanza 996 $6245$aEvangelo secondo Luca$9(OLS)http://pul/title/41328 996 $6260$aMilano :$bA. Mondadori$9(OLS)http://pul/publisher/48249 LEADER 01238nam a2200301 a 4500 001 000000132394 003 CaOOAMICUS 005 20130122154949.0 008 130122s2012 it u000 u ita r 020 $a978-88-04-62249-9 040 $aPUL$bita 082 04$a231.3 100 1 $aRuini, Camillo,$ccard.,$d1931-$0(OLS)http://pul/name/19821 245 10$aIntervista su Dio :$ble parole della fede, il cammino della ragione /$cCamillo Ruini, Andrea Galli. 260 $aMilano :$bMondadori,$cİ2012. 300 $a300 p. ; $c22 cm. 490 1 $aSaggi 650 4$aTeologia.$0(OLS)http://pul/subject/118 700 1 $aGalli, Andrea.$0(OLS)http://pul/name/85269 830 0$aSaggi (Mondadori).$0(OLS)http://pul/title/26238 850 $aPUL 852 $aPUL$W1$xSL Religione 3$y85$m231. 3 RUICA 1$j152346$qDDC 21$B151697$CPULBib$Z2$F151697 $H121515 $82 941 1 $a9 996 $6020$a978-88-04-62249-9$9(OLS)http://pul/number/151562 996 $6082$a231.3$9(OLS)http://pul/classification/2274 996 $6245$aIntervista su Dio :$ble parole della fede, il cammino della ragione$9(OLS)http://pul/title/167261 996 $6260$aMilano :$bMondadori$9(OLS)http://pul/publisher/50297